| 000 | 01999cam a2200481 4500 | ||
|---|---|---|---|
| 003 | PE-LiUPU | ||
| 005 | 20250731173101.0 | ||
| 008 | 240410b |||||||| |||| 00| 0 spa d | ||
| 020 | _a0828010897 | ||
| 035 | _a(Sirsi) i9780828010894 | ||
| 040 |
_bspa _cPE-LiUPU _dPE-LiUPU _erda |
||
| 041 | _aen | ||
| 049 | _aPRUA | ||
| 050 |
_aBX6193 _b.K55M 1998 |
||
| 082 | 0 | 4 |
_a286.732092 _bK69m _223 |
| 100 | 1 |
_aKnight, George Raymond _eautor. |
|
| 245 |
_aMeeting Ellen White : a fresh look at her life, writings, and major themes / _cGeorge Raymond Knight. |
||
| 264 | 1 |
_aHagerstown, MD : _bReview and Herald Publishing Association, _c1996 |
|
| 300 |
_a127 páginas : _bilustraciones ; _c21 centímetros. |
||
| 336 |
_atext _2rdacontent |
||
| 337 |
_aunmediated _2rdamedia |
||
| 338 |
_avolume _2rdacarrier |
||
| 505 | 0 | _aEllen White's life and ministry -- Prophectic guidance for the disappointed millerites -- Prophectic guidance for a Growing church -- Prophectic guidance for an international church -- Prophectic guidance since -- Ellen White's writings -- Ellen White's integrative themes -- An examination of Ellen White's major themes. | |
| 526 | _aSEG42 | ||
| 526 | _aSEG41 | ||
| 526 | _aSEG40 | ||
| 526 | _aSEG39 | ||
| 526 | _aP94 | ||
| 526 | _aP87 | ||
| 526 | _aP86 | ||
| 526 | _aP85 | ||
| 526 | _aP77 | ||
| 526 | _aP76 | ||
| 526 | _aP35 | ||
| 600 |
_aWhite, Elena G. de _d1827-1915 |
||
| 610 | 1 | 4 |
_aIASD _zEstados Unidos _xHistoria _ySigloXIX |
| 910 | _aaj-op | ||
| 942 |
_2ddc _cBK |
||
| 949 |
_a286.732 K65M _wDEWEY _c1 _i48858 _f2017-2-15 _g1 _lCIAE7 _mBUL _r0 _sY _tBOOK _u2015-6-24 _xTEOLOGIA _0COMPRA _o.STAFF. Colección General |
||
| 949 |
_a286.732 K65M _wDEWEY _c2 _i50685 _f2017-2-15 _g1 _lCIAE7 _mBUL _r0 _sY _tBOOK _u2015-6-24 _xTEOLOGIA _0COMPRA _o.STAFF. Colección General |
||
| 949 |
_a286.732 K65M _wDEWEY _c3 _i57991 _lCIA _mBWL _p12.00 _r1 _sY _tBOOK _u2015-6-24 _xWHITE _zUNKNOWN _0COMPRA _o.STAFF. Colección General |
||
| 999 |
_c28017 _d28017 |
||
| 980 |
_81 _gALBERTO SANCHEZ Responsable de Automatización |
||